Najbardziej utytułowani zawodnicy wszechczasów SGP - Statystyki

Ogólne statystyki
  • Ten quiz został rozwiązany 13 razy
  • Średni wynik to 8 z 10
Statystyki odpowiedzi
Hint Odpowiedź % Poprawnych
4 Bartosz Zmarzlik
92%
3 Greg Hancock
92%
6 Tomasz Gollob
92%
1 Jason Crump
85%
5 Nicki Pedersen
85%
7 Tai Woffinden
77%
2 Tony Rickardson
77%
10 Hans Nielsen
62%
8 Fredrik Lindgren
54%
9 Billy Hamill
46%
Nie znaleziono quizów pasujących do podanych kryteriów
Rozkład punktacji
Procent ludzi z każdym wynikiem
Percentyl według liczby udzielonych odpowiedzi
Twoja historia wyników
Nie rozwiązałeś tego quizu